Normal view
MARC view
- SULPHUR DOIXIDE - CHAMBISHI
Entry Topical Term
001 - CONTROL NUMBER
- control field: 1619
003 - CONTROL NUMBER IDENTIFIER
- control field: CBULib
005 - DATE AND TIME OF LATEST TRANSACTION
- control field: 20240116103617.0
008 - FIXED-LENGTH DATA ELEMENTS
- fixed length control field: 240116|| aca||babn | a|a d
040 ## - CATALOGING SOURCE
- Original cataloging agency: CBULib
150 ## - HEADING--TOPICAL TERM
- Topical term or geographic name entry element: SULPHUR DOIXIDE - CHAMBISHI